| 000 | 00807cam a2200193 4500 | ||
|---|---|---|---|
| 001 | WB3914-16 | ||
| 008 | 030409n2003 000 0 eng u | ||
| 035 | _a(Sirsi) u121937 | ||
| 245 | _aProperty investment at low point | ||
| 260 | _c2003 | ||
| 490 |
_aEstates Gazette _v(0314) 5 April 2003, 39(1) |
||
| 520 | _aOffice for National Statistics (ONS) figures reveal that institutional investment in commercial property has fallen to its lowest level since 1996. Pension funds and insurance companies made net investments of just £955m in 2002, less than half the £2.3bn invested in 2001. Table. ONS at www.statistics.gov.uk. | ||
| 590 | _aWB | ||
| 650 | _aPROPERTY-COMMERCIAL PROPERTY | ||
| 650 | _aINSTITUTIONAL INVESTMENT | ||
| 650 | _aPROPERTY INVESTMENT | ||
| 690 | _aINVESTMENT | ||
| 942 | _n0 | ||
| 999 |
_c72470 _d72470 |
||